书目信息 |
| 题名: |
工业企业设备管理
|
|
| 作者: | 查志文 , 徐温厚 编著 | |
| 分册: | ||
| 出版信息: | 北京 国防工业出版社 1987 |
|
| 页数: | 349页 | |
| 开本: | 26cm | |
| 丛书名: | ||
| 单 册: | ||
| 中图分类: | F406.4 | |
| 科图分类: | ||
| 主题词: | 设备管理-工业生产设备 , 工业生产设备-设备管理 | |
| 电子资源: | ||
| ISBN: | ||
| 000 | 00698nam0 2200253 45 | |
| 001 | 0187002998 | |
| 005 | 20060809155012.01 | |
| 010 | @dCNY4.60 | |
| 091 | @aCN@b15034.3201 | |
| 100 | @a19900808d1987 em y0chiy0121 ea | |
| 101 | 0 | @achi |
| 102 | @aCN@b110000 | |
| 105 | @ay z 000yy | |
| 200 | 10 | @a工业企业设备管理@Agong ye qi ye she bei guan li@f徐温厚, 查志文编著 |
| 210 | @a北京@c国防工业出版社@d1987 | |
| 215 | @a349页@d26cm | |
| 606 | @a设备管理-工业生产设备 | |
| 606 | @a工业生产设备-设备管理 | |
| 690 | @aF406.4@v3 | |
| 701 | 0 | @a查志文@Azha zhi wen@4编著 |
| 701 | 0 | @a徐温厚@Axu wen hou@4编著 |
| 801 | 2 | @aCN@bNLC@c20060809 |
| 801 | 0 | @aCN@bTSSF |
| 905 | @a10447@dF406.4@e142 | |
| 工业企业设备管理/徐温厚, 查志文编著.-北京:国防工业出版社,1987 |
| 349页;26cm |
| ISBN :CNY4.60 |
| ● |
| 相关链接 |
|
|
|
|
正题名:工业企业设备管理
索取号:F406.4/142
 
预约/预借
| 序号 | 登录号 | 条形码 | 馆藏地/架位号 | 状态 | 备注 |
| 1 | 0448044 | 204480445 | 密集书库/ [索取号:F406.4/142] | 在馆 |